北斗市?北杜市? - Statistics

General Stats
  • This quiz has been taken 28 times
  • The average score is 10 of 15
Answer Stats
Hint Explanation Answer % Correct
新幹線駅がある 新函館北斗駅が存在する 北斗市
96%
全国のJR駅の中で2番目に標高が高い駅がある 清里駅で1,275m
1位は隣駅の野辺山駅で1,375m(長野県南牧村)
北杜市
96%
都道府県の北部にあることから名づけられた 植物の「ヤマナシ」を意味する「杜から」、「山梨県(杜)の北部」という意味を込めて命名された。 北杜市
93%
過去の最低気温は-15.0℃以下である 北斗市:-19.6℃
北杜市:-14.4℃
北斗市
85%
2006年に新設された 北杜市は2004年に発足 北斗市
78%
市内をJR以外の鉄道路線が通る 道南いさりび鉄道が通る 北斗市
74%
市内に二桁国道が通る 国道20号(甲州街道)が通る 北杜市
70%
ブルーベリーの生産が盛ん 茨城県つくば市、東京都小平市と並んで「日本三大ブルーベリー」の地として有名 北杜市
67%
人工湖である八郎沼がある 北斗市
63%
市内に大野川が流れる 北斗市
56%
市の木はアカマツ 北斗市はクロマツとブナ 北杜市
48%
国定公園がある 八ヶ岳中信高原国定公園がある 北杜市
44%
短大がある 帝京学園短期大学が存在 北杜市
41%
面積は約600㎢ 北杜市:602.48㎢
北斗市:397.44㎢
北杜市
37%
誕生により郡が消滅した 小淵沢町の編入により、2006年に北巨摩郡が消滅 北杜市
33%
No matching quizzes found
Score Distribution
Percent of People with Each Score
Percentile by Number Answered
Your Score History
You have not taken this quiz